World literature studies časopis pre výskum svetovej literatúry

Bibliographic Details
Previous Title:Slovak review
Other Authors: Vajdová, Libuša, 1947- (Publishing director), Magová, Gabriela, 1976- (Publishing director), Cviková, Jana, 1963- (Publishing director)
Format: Journal
Language:Slovak
Czech
English
PhysicalDescription:zv. 24 cm
Online vydanie: World literature studies (Online) ISSN 1337-9690
Published: Bratislava Slovak Academic Press 2009-
Ústav svetovej literatúry SAV
ISSN:1337-9275
1335-0544
Subjects:
Online Access:http://www.sav.sk/index.php?lang=sk&charset=&doc=journal&journal_no=76

MARC

LEADER 00000cas a2200000 a 4500
001 vtls009511303
005 20260514134723.0
008 090511c20099999xo qr p 0 b0slo
022 |a 1337-9275 
035 |a (SVKBB03)vtls000314514 
040 |a SAVUK  |b slo  |c SAVUK  |d SVKBB  |d SNK  |e AACR2 
041 0 |a slo  |a cze  |a eng  |b eng  |b slo  |b cze 
044 |a xo  |c SK 
072 7 |a 82.0  |x Literatúra (teória)  |2 konspekt 
072 7 |a 81  |x Lingvistika. Jazyky  |2 konspekt 
080 |a 82.091  |2 2011 
080 |a 821(100)  |2 2011 
080 |a 81’25  |2 2011 
080 |a 82.0  |2 2011 
080 |a 050  |2 2011 
080 |a (051)001  |2 2011 
210 0 |a World lit. stud.  |b (Tlačené vyd.) 
222 0 |a World literature studies  |b (Tlačené vydanie) 
245 0 0 |a World literature studies  |b časopis pre výskum svetovej literatúry 
260 |a Bratislava  |b Slovak Academic Press  |c 2009- 
260 3 |3 ?- Bratislava  |b Ústav svetovej literatúry SAV 
300 |a zv.  |c 24 cm 
310 |a 4x ročne 
362 0 |a Vol. 1 = 18, no. 1 (2009)- 
500 |a Šéfredaktorka: 1/2009-4/2011, Libuša Vajdová ; 1/2012-4/2014 , Gabriela Magová ; 1/2015-, Jana Cviková 
500 |a Reg. č.: MK SR 649/92 
500 |a Evidenčné č. MK SR: EV 373/08 
500 |a Jednotlivé čísla majú vlastné rozlišovacie názvy 
504 |a Biblior. odkazy 
530 |a Online vydanie: World literature studies (Online) ISSN 1337-9690 
546 |a Čiast. text čes., angl. 
550 |a 2009- vydáva Ústav svetovej literatúry SAV vo vydavateľstve SAP - Slovak Academic Press, Bratislava 
650 0 7 |a literárna veda  |2 SNKPH  |9 1137 
650 0 7 |a literárna komparatistika  |2 SNKPH  |9 62017 
650 0 7 |a svetová literatúra  |2 SNKPH  |9 1433 
650 0 7 |a Literary studies  |2 SNKPHeng  |9 265625 
650 0 7 |a Literary comparatistics  |2 SNKPHeng  |9 265626 
650 0 7 |a World literature  |2 SNKPHeng  |9 265627 
650 0 7 |a translatológia  |2 SNKPH  |9 156008 
650 0 7 |a Translatology  |2 SNKPHeng  |9 265628 
655 7 |a vedecké časopisy  |2 SNKPH  |9 70520 
655 7 |a Scientific journals  |2 SNKPHeng  |9 265227 
700 1 |a Vajdová, Libuša,  |d 1947-  |4 pbd  |9 218531 
700 1 |a Magová, Gabriela,  |d 1976-  |4 pbd  |9 87669 
700 1 |a Cviková, Jana,  |d 1963-  |4 pbd  |9 229509 
710 2 |a Slovenská akadémia vied.  |b Ústav svetovej literatúry  |4 pbl  |9 65343 
780 0 2 |t Slovak review  |x 1335-0544  |w vtls001401290 
852 |a Štátna vedecká knižnica v Banskej Bystrici 
856 4 1 |u http://www.sav.sk/index.php?lang=sk&charset=&doc=journal&journal_no=76 
916 |a 2009-2014, 2015-2018, 2019-2020 
999 |c 940  |d 940 
952 |t č. 1-2  |a SNK  |b SNK  |y PREZ  |7 0  |p 17A1522838  |o snkČSC 3514/14/2022/1  |i snk2024/4545  |8 0  |0 0  |1 0  |4 0  |d 2024-03-18  |l 0  |r 2026-02-21 19:50:49  |w 2026-02-21 
952 |t č. 3-4  |a SNK  |b SNK  |y PREZ  |7 0  |p 17A1522839  |o snkČSC 3514/14/2022/2  |i snk2024/4546  |8 0  |0 0  |1 0  |4 0  |d 2024-03-18  |l 0  |r 2026-02-21 19:50:49  |w 2026-02-21 
952 |t č. 1-2  |a SNK  |b SNK  |y PREZ  |7 0  |p 17A1522840  |o snkČSC 3514/15/2023/1  |i snk2024/4547  |8 0  |0 0  |1 0  |4 0  |d 2024-03-18  |l 0  |r 2026-02-21 19:50:49  |w 2026-02-21 
952 |t č. 3-4  |a SNK  |b SNK  |y PREZ  |7 0  |p 17A1522841  |o snkČSC 3514/15/2023/2  |i snk2024/4548  |8 0  |0 0  |1 0  |4 0  |d 2024-03-18  |l 0  |r 2026-02-21 19:50:49  |w 2026-02-21 
952 |t č. 1-2  |a SNK  |b SNK  |y PREZ  |7 0  |p 17A1465041  |o snkČSC 3514/12/2020/1 D1  |i snk2022/18801  |8 0  |0 0  |1 0  |4 0  |d 2022-12-13  |l 0  |r 2026-02-21 20:11:13  |w 2026-02-21 
952 |t č. 3-4  |a SNK  |b SNK  |y PREZ  |7 0  |p 17A1465042  |o snkČSC 3514/12/2020/2 D1  |i snk2022/18803  |8 0  |0 0  |1 0  |4 0  |d 2022-12-13  |l 0  |r 2026-02-21 20:11:13  |w 2026-02-21 
952 |t č. 1-2  |a SNK  |b SNK  |y PREZ  |7 0  |p 17A1464584  |o snkČSC 3514/13/2021/1  |i snk2022/16379  |8 0  |0 0  |1 0  |4 0  |d 2022-10-27  |l 0  |r 2026-02-21 20:12:27  |w 2026-02-21 
952 |t č. 3-4  |a SNK  |b SNK  |y PREZ  |7 0  |p 17A1464585  |o snkČSC 3514/13/2021/2  |i snk2022/16390  |8 0  |0 0  |1 0  |4 0  |d 2022-10-27  |l 0  |r 2026-02-21 20:12:27  |w 2026-02-21 
952 |t č. 1-2  |a SNK  |b SNK  |y PREZ  |7 0  |p 17A1464281  |o snkČSC 3514/10/2018/1 D1  |i snk2022/15899  |8 0  |0 0  |1 0  |4 0  |d 2022-10-20  |l 0  |r 2026-02-21 20:12:46  |w 2026-02-21 
952 |t č. 3-4  |a SNK  |b SNK  |y PREZ  |7 0  |p 17A1464282  |o snkČSC 3514/10/2018/2 D1  |i snk2022/15901  |8 0  |0 0  |1 0  |4 0  |d 2022-10-20  |l 0  |r 2026-02-21 20:12:46  |w 2026-02-21 
952 |t č. 1-2  |a SNK  |b SNK  |y PREZ  |7 0  |p 17A1464283  |o snkČSC 3514/11/2019/1 D1  |i snk2022/15903  |8 0  |0 0  |1 0  |4 0  |d 2022-10-20  |l 0  |r 2026-02-21 20:12:46  |w 2026-02-21 
952 |t č. 3-4  |a SNK  |b SNK  |y PREZ  |7 0  |p 17A1464284  |o snkČSC 3514/11/2019/2 D1  |i snk2022/15905  |8 0  |0 0  |1 0  |4 0  |d 2022-10-20  |l 0  |r 2026-02-21 20:12:46  |w 2026-02-21 
952 |t č. 1-4  |a SNK  |b SNK  |y PREZ  |7 0  |p 17A0870941  |o snkČSC 3514/4(21)/2012 D1  |i snk2015/313  |8 0  |0 0  |1 0  |4 0  |d 2015-01-09  |l 0  |r 2026-02-21 20:42:49  |w 2026-02-21 
952 |t č. 1-4 + špec. č.  |a SNK  |b SNK  |y PREZ  |7 0  |p 17A1143203  |o snkČSC 3514/5(22)/2013  |i snk2015/10325  |8 0  |z špeciálne číslo  |f 1  |0 0  |1 0  |4 0  |d 2015-03-25  |l 0  |r 2026-02-21 21:16:04  |w 2026-02-21 
952 |t č. 1-4  |a SNK  |b SNK  |y PREZ  |7 0  |p 17A1143202  |o snkČSC 3514/6(23)/2014  |i snk2015/10326  |8 0  |f 1  |0 0  |1 0  |4 0  |d 2015-03-25  |l 0  |r 2026-02-21 21:16:04  |w 2026-02-21 
952 |t č. 1-4 + špec. č.  |a SNK  |b SNK  |y PREZ  |7 0  |p 17A1143201  |o snkČSC 3514/5(22)/2013 D1  |i snk2015/10332  |8 0  |z špeciálne číslo  |0 0  |1 0  |4 0  |d 2015-03-25  |l 0  |r 2026-02-21 21:16:10  |w 2026-02-21 
952 |t č. 1-2  |a SNK  |b SNK  |y PREZ  |7 0  |p 17A1433985  |o snkČSC 3514/11/2019/1  |i snk2021/7387  |8 0  |f 1  |0 0  |1 0  |4 0  |d 2021-06-18  |l 0  |r 2026-02-21 21:20:57  |w 2026-02-21 
952 |t č. 3-4  |a SNK  |b SNK  |y PREZ  |7 0  |p 17A1433977  |o snkČSC 3514/11/2019/2  |i snk2021/7388  |8 0  |f 1  |0 0  |1 0  |4 0  |d 2021-06-18  |l 0  |r 2026-02-21 21:20:57  |w 2026-02-21 
952 |t č. 1-2  |a SNK  |b SNK  |y PREZ  |7 0  |p 17A1433978  |o snkČSC 3514/12/2020/1  |i snk2021/7389  |8 0  |f 1  |0 0  |1 0  |4 0  |d 2021-06-18  |l 0  |r 2026-02-21 21:20:57  |w 2026-02-21 
952 |t č. 3-4  |a SNK  |b SNK  |y PREZ  |7 0  |p 17A1433984  |o snkČSC 3514/12/2020/2  |i snk2021/7390  |8 0  |f 1  |0 0  |1 0  |4 0  |d 2021-06-18  |l 0  |r 2026-02-21 21:20:57  |w 2026-02-21 
952 |t č. 1-4  |a SNK  |b SNK  |y PREZ  |7 0  |p 17A0858649  |o snkČSC 3514/1(18)/2009  |i snk2013/21697  |8 0  |f 1  |0 0  |1 0  |4 0  |d 2013-09-18  |l 0  |r 2026-02-21 21:31:31  |w 2026-02-21 
952 |t č. 1-4  |a SNK  |b SNK  |y PREZ  |7 0  |p 17A0858650  |o snkČSC 3514/1(18)/2009 D1  |i snk2013/21698  |8 0  |0 0  |1 0  |4 0  |d 2013-09-18  |l 0  |r 2026-02-21 21:31:31  |w 2026-02-21 
952 |t č. 1-4  |a SNK  |b SNK  |y PREZ  |7 0  |p 17A0858651  |o snkČSC 3514/2(19)/2010  |i snk2013/21700  |8 0  |f 1  |0 0  |1 0  |4 0  |d 2013-09-18  |l 0  |r 2026-02-21 21:31:31  |w 2026-02-21 
952 |t č. 1-4  |a SNK  |b SNK  |y PREZ  |7 0  |p 17A0858652  |o snkČSC 3514/2(19)/2010 D1  |i snk2013/21701  |8 0  |0 0  |1 0  |4 0  |d 2013-09-18  |l 0  |r 2026-02-21 21:31:31  |w 2026-02-21 
952 |t č. 1-4  |a SNK  |b SNK  |y PREZ  |7 0  |p 17A0858653  |o snkČSC 3514/3(20)/2011  |i snk2013/21707  |8 0  |f 1  |0 0  |1 0  |4 0  |d 2013-09-18  |l 0  |r 2026-02-21 21:31:31  |w 2026-02-21 
952 |t č. 1-4  |a SNK  |b SNK  |y PREZ  |7 0  |p 17A0858654  |o snkČSC 3514/4(21)/2012  |i snk2013/21722  |8 0  |f 1  |0 0  |1 0  |4 0  |d 2013-09-18  |l 0  |r 2026-02-21 21:31:31  |w 2026-02-21 
952 |t č. 1-4  |a SNK  |b SNK  |y PREZ  |7 0  |p 17A0858655  |o snkČSC 3514/3(20)/2011 D1  |i snk2013/21741  |8 0  |0 0  |1 0  |4 0  |d 2013-09-18  |l 1  |r 2026-03-04 10:08:40  |s 2026-03-03  |w 2026-02-21 
952 |t č. 1-4  |a SNK  |b SNK  |y PREZ  |7 0  |p 17A1205590  |o snkČSC 3514/6(23)/2014 D1  |i snk2017/5895  |8 0  |0 0  |1 0  |4 0  |d 2017-03-03  |l 0  |r 2026-02-21 22:04:03  |w 2026-02-21 
952 |t č. 1-4  |a SNK  |b SNK  |y PREZ  |7 0  |p 17A1205591  |o snkČSC 3514/7/2015  |i snk2017/5896  |8 0  |0 0  |1 0  |4 0  |d 2017-03-03  |l 0  |r 2026-02-21 22:04:03  |w 2026-02-21 
952 |t č. 1-4  |a SNK  |b SNK  |y PREZ  |7 0  |p 17A1205592  |o snkČSC 3514/7/2015 D1  |i snk2017/5904  |8 0  |0 0  |1 0  |4 0  |d 2017-03-03  |l 0  |r 2026-02-21 22:04:03  |w 2026-02-21 
952 |t č. 1-4  |a SNK  |b SNK  |y PREZ  |7 0  |p 17A1205593  |o snkČSC 3514/8/2016  |i snk2017/5905  |8 0  |0 0  |1 0  |4 0  |d 2017-03-03  |l 0  |r 2026-02-21 22:04:03  |w 2026-02-21 
952 |t č. 1-2  |a SNK  |b SNK  |y NEVYP  |7 1  |p 17A1367344  |o snkČSC 3514/9/2017/1  |i snk2019/13708  |8 0  |f 1  |0 0  |1 0  |4 0  |d 2019-05-17  |l 0  |r 2026-02-21 22:07:04  |w 2026-02-21 
952 |t č. 3-4  |a SNK  |b SNK  |y NEVYP  |7 1  |p 17A1367345  |o snkČSC 3514/9/2017/2  |i snk2019/13713  |8 0  |f 1  |0 0  |1 0  |4 0  |d 2019-05-17  |l 0  |r 2026-02-21 22:07:04  |w 2026-02-21 
952 |t č. 1-2  |a SNK  |b SNK  |y NEVYP  |7 1  |p 17A1367346  |o snkČSC 3514/10/2018/1  |i snk2019/13715  |8 0  |f 1  |0 0  |1 0  |4 0  |d 2019-05-17  |l 0  |r 2026-02-21 22:07:04  |w 2026-02-21 
952 |t č. 3-4  |a SNK  |b SNK  |y NEVYP  |7 1  |p 17A1367347  |o snkČSC 3514/10/2018/2  |i snk2019/13717  |8 0  |f 1  |0 0  |1 0  |4 0  |d 2019-05-17  |l 0  |r 2026-02-21 22:07:04  |w 2026-02-21 
952 |t č. 1-4  |a SNK  |b SNK  |y PREZ  |7 0  |p 17A1367348  |o snkČSC 3514/8/2016 D1  |i snk2019/13724  |8 0  |0 0  |1 0  |4 0  |d 2019-05-17  |l 0  |r 2026-02-21 22:07:04  |w 2026-02-21 
952 |t č. 1-2  |a SNK  |b SNK  |y PREZ  |7 0  |p 17A1369738  |o snkČSC 3514/9/2017/1 D1  |i snk2019/19380  |8 0  |0 0  |1 0  |4 0  |d 2019-07-25  |l 0  |r 2026-02-21 22:21:44  |w 2026-02-21 
952 |t č. 3-4  |a SNK  |b SNK  |y PREZ  |7 0  |p 17A1369737  |o snkČSC 3514/9/2017/2 D1  |i snk2019/19381  |8 0  |0 0  |1 0  |4 0  |d 2019-07-25  |l 0  |r 2026-02-21 22:21:44  |w 2026-02-21 
952 |t 2  |a SNK  |b SNK  |y NEVYP  |7 1  |p 17A1560159  |o snkČSC 3514/15/2023/1 D1  |i snk2026/6544  |h č. 1-2  |8 3  |g 26.00  |0 0  |1 0  |2 udc  |4 0  |d 2026-05-05  |l 0  |r 2026-05-05 09:49:48  |w 2026-05-05 
952 |t 2  |a SNK  |b SNK  |y NEVYP  |7 1  |p 17A1560160  |o snkČSC 3514/15/2023/2 D1  |i snk2026/6547  |h č. 3-4  |8 3  |g 26.00  |0 0  |1 0  |2 udc  |4 0  |d 2026-05-05  |l 0  |r 2026-05-05 09:55:58  |w 2026-05-05 
952 |t 1  |a SNK  |b SNK  |y NEVYP  |7 1  |p 17A1560417  |o snkČSC 3514/16/2024/1  |i snk2026/7197  |h č. 1-2  |8 0  |0 0  |1 0  |2 udc  |4 0  |d 2024-03-18  |l 0  |r 2026-05-15 08:36:30  |w 2026-02-21 
952 |t 1  |a SNK  |b SNK  |y NEVYP  |7 1  |p 17A1560418  |o snkČSC 3514/16/2024/2  |i snk2026/7198  |h č. 3-4  |8 0  |0 0  |1 0  |2 udc  |4 0  |d 2024-03-18  |l 0  |r 2026-05-15 08:39:32  |w 2026-02-21 
952 |t 1  |a SNK  |b SNK  |y NEVYP  |7 1  |p 17A1560419  |o snkČSC 3514/17/2025/1  |i snk2026/7199  |h č. 1-2  |8 0  |0 0  |1 0  |2 udc  |4 0  |d 2024-03-18  |l 0  |r 2026-05-15 08:41:28  |w 2026-02-21 
952 |t 1  |a SNK  |b SNK  |y NEVYP  |7 1  |p 17A1560420  |o snkČSC 3514/17/2025/2  |i snk2026/7200  |h č. 3-4  |8 0  |0 0  |1 0  |2 udc  |4 0  |d 2024-03-18  |l 0  |r 2026-05-15 08:43:38  |w 2026-02-21